La danse
Kaydedildi:
| Yazar: | |
|---|---|
| Materyal Türü: | Kitap |
| Dil: | Fransızca |
| Baskı/Yayın Bilgisi: |
Ginebra
Gonthier
1965
|
| Seri Bilgileri: | Bibliothèque Médiations
|
| Konular: | |
| Etiketler: |
Etiketle
Etiket eklenmemiş, İlk siz ekleyin!
|
MARC
| LEADER | 00000nam a2200000 a 4500 | ||
|---|---|---|---|
| 001 | UCN2611 | ||
| 003 | CL-VaPUC | ||
| 008 | 010531e19650000SZ |||||||||||||||||fre|d | ||
| 082 | 0 | 4 | |a 792.8 |b LIF |2 21 |
| 100 | |a Lifar, Serge |e autor |9 458665 | ||
| 245 | 1 | 3 | |a La danse |
| 300 | |a 190 p | ||
| 942 | |c BK | ||
| 945 | |d 20010531 00:00:00 |a crobeson | ||
| 260 | |a Ginebra |b Gonthier |c 1965 | ||
| 650 | 0 | |a Danza |9 328568 | |
| 650 | 7 | |a BAILARINES |2 CL-VaPUC |9 458666 | |
| 650 | 0 | |a Artes escénicas |9 318853 | |
| 650 | 0 | |a Historia |9 255047 | |
| 650 | 0 | |a Ballet |9 265384 | |
| 650 | 0 | |a Ballet clásico |9 351809 | |
| 650 | 0 | |a Actividades culturales |9 335506 | |
| 583 | |a last modification |c 20010531 00:00:00 |k Rodrigo Vera | ||
| 490 | 0 | |a Bibliothèque Médiations | |
| 999 | |c 295665 |d 295663 | ||
| 952 | |0 0 |1 0 |4 0 |6 792_800000000000000_LIF_1965 |7 0 |8 A |9 348963 |a BIBEDU |b BIBEDU |d 2019-11-20 |i 1184253 |o 792.8 LIF 1965 |p 1184253 |r 2023-01-12 |w 2019-11-20 |y BK |k MUS | ||